The Last of Us Factions Perks & Weapons - Statistics

General Stats
  • This quiz has been taken 26 times
  • The average score is 20 of 57
Answer Stats
Hint Answer % Correct
Purchasable El Diablo
82%
Throwable Molotov
73%
Small Firearm Revolver
73%
Purchasable Shotgun
73%
Purchasable Flamethrower
64%
Large Firearm Hunting Rifle
64%
Throwable Nail bomb
64%
Small Firearm 9mm
55%
Purchasable Assault Rifle
55%
Small Firearm Shorty
55%
Large Firearm Bow
45%
Throwable Smoke bomb
45%
Perk Agility
36%
Other Board
36%
Perk Brawler
36%
Perk Covert Training
36%
Purchasable Double Barrel
36%
Perk Explosion Expert
36%
Perk Hawk-eyed
36%
Perk Jack of All Trades
36%
Perk Marathon Runner
36%
Purchasable Military Sniper
36%
Perk Pistol Auto-Zoom
36%
Large Firearm Scoped Burst Rifle
36%
Large Firearm Semi-Auto Rifle
36%
Large Firearm Variable Rifle
36%
Perk Bomb Expert
27%
Large Firearm Burst Rifle
27%
Perk Crafter
27%
Small Firearm Enforcer
27%
Perk Executioner
27%
Perk First Aid Training
27%
Large Firearm Frontier Rifle
27%
Large Firearm Full-Auto Rifle
27%
Purchasable Launcher
27%
Perk Lucky Break
27%
Purchasable Machete
27%
Perk Reviver
27%
Large Firearm Scoped Full-Auto
27%
Large Firearm Scoped Semi-Auto
27%
Perk Second Chance
27%
Perk Sharp Ears
27%
Other Shiv
27%
Purchasable Spectre
27%
Perk Strategist
27%
Large Firearm Tactical Shotgun
27%
Perk Awareness
18%
Small Firearm Burst Pistol
18%
Perk Collector
18%
Purchasable Crossbow
18%
Perk Damage Marker
18%
Perk Gunslinger
18%
Perk Lethal Efficiency
18%
Perk Lone Wolf
18%
Perk Fortitude
9%
Perk Sharpshooter
9%
Perk Scavenger
0%
No matching quizzes found
Score Distribution
Percent of People with Each Score
Percentile by Number Answered
Your Score History
You have not taken this quiz